F1 2024-2025 - Statistiques

Statistiques générales
  • Ce quiz a été pris 167 fois
  • Le résultat moyen est 9 sur 10
Statistiques - réponses
Pilotes Ecurie % Correct
Leclerc / Hamilton Ferrari
100%
Norris / Piastri Mclaren
99%
Verstappen / Lawson Red Bull
99%
Russell / Antonelli Mercedes
98%
Gasly / Doohan Alpine
97%
Alonso / Stroll Aston Martin
93%
Ocon / Bearman Haas
93%
Albon / Sainz Williams
91%
Tsunoda / Hadjar Visa Cash App RB
79%
Hulkenberg / Bortoleto Sauber
74%
Aucun quiz correspondant
Distribution des résultats
% des personnes avec chaque résultat
Percentile par nombre de réponses
Votre historique - résultats
Vous n’avez pas pris ce quiz